Statistics for Name All Avengers Movies

Click here to take the quiz!

General Stats

  • This quiz has been taken 34 times
  • The average score is 4 of 6

Answer Stats

Answer% Correct
Avengers: {Endgame}
97%
Avengers: {Age} {of} {Ultron}
93%
Avengers: {Infinity} {War}
93%
Marvel’s The {Avengers}
83%
Avengers: The {Kang} {Dynasty}
41%
Avengers: {Secret} {Wars}
38%

Score Distribution

Percentile by Number Answered

Percent of People with Each Score

Your Score History

You have not taken this quiz